Faculty of Law Library — Cairo University

Official Online Catalog

قانون العقوبات العسكرى : (Record no. 71406)

MARC details
000 -LEADER
fixed length control field 01320nam a2200313 i 4500
003 - CONTROL NUMBER IDENTIFIER
control field EG-GICUC
005 - DATE AND TIME OF LATEST TRANSACTION
control field 20260416121926.0
008 - FIXED-LENGTH DATA ELEMENTS--GENERAL INFORMATION
fixed length control field 260416s1950 sy ||||fr|||| 00| 0 ara d
040 ## - CATALOGING SOURCE
Original cataloging agency EG-GICUC
Language of cataloging ara
Transcribing agency EG-GICUC
Modifying agency EG-GICUC
Description conventions rda
041 ## - LANGUAGE CODE
Language code of text/sound track or separate title ara
082 04 - DEWEY DECIMAL CLASSIFICATION NUMBER
Edition number 21
Classification number 343.442020565
Item number و ز . ق
092 04 - LOCALLY ASSIGNED DEWEY CALL NUMBER (OCLC)
Edition number 21
099 ## - LOCAL FREE-TEXT CALL NUMBER (OCLC)
Classification number Law1 10 343.442020565 و ز . ق 1950
110 2# - MAIN ENTRY--CORPORATE NAME
Corporate name or jurisdiction name as entry element وزارة العدلية الجمهورية السورية
Relator term مؤلف.
245 10 - TITLE STATEMENT
Title قانون العقوبات العسكرى :
Remainder of title الصادر بتاريخ 27 شباط 1950 /
Statement of responsibility, etc. وزارة العدلية الجمهورية السورية.
264 #1 - PRODUCTION, PUBLICATION, DISTRIBUTION, MANUFACTURE, AND COPYRIGHT NOTICE
Place of production, publication, distribution, manufacture لا يوجد مكان نشر محدد :
Name of producer, publisher, distributor, manufacturer لا يوجد ناشر محدد،
Date of production, publication, distribution, manufacture, or copyright notice 1950.
300 ## - PHYSICAL DESCRIPTION
Extent 68 صفحة ;
Dimensions 24 سم.
Other physical details إيضاحيات، صور، مثيليات ؛
336 ## - CONTENT TYPE
Source rda content
Content type term text
337 ## - MEDIA TYPE
Source rda media
Media type term Computer
338 ## - CARRIER TYPE
Source rda carrier
Carrier type term Online Resource
504 ## - BIBLIOGRAPHY, ETC. NOTE
Bibliography, etc. note . 240-220 ببليوجرافيا: صفحات.
546 ## - LANGUAGE NOTE
Language note النص باللغة العربية
650 1# - SUBJECT ADDED ENTRY--TOPICAL TERM
Topical term or geographic name entry element القانون الجنائي
Source of heading or term qrmak
650 1# - SUBJECT ADDED ENTRY--TOPICAL TERM
Topical term or geographic name entry element قانون العقوبات العسكري
General subdivision قوانين وتشريعات
Source of heading or term qrmak
651 1# - SUBJECT ADDED ENTRY--GEOGRAPHIC NAME
Source of heading or term qrmak
856 40 - ELECTRONIC LOCATION AND ACCESS
Uniform Resource Identifier <a href="https://fll.law.cu.edu.eg/fulltext/bks/B10-06318.pdf">https://fll.law.cu.edu.eg/fulltext/bks/B10-06318.pdf</a>
905 ## - Cataloger and Reviser Names
Cataloger Name: Gomana
942 ## - ADDED ENTRY ELEMENTS (KOHA)
Source of classification or shelving scheme Dewey Decimal Classification
Suppress in OPAC No
Koha item type Books
Edition 21
Holdings
Withdrawn status Lost status Source of classification or shelving scheme Damaged status Not for loan Collection Home library Current library Date acquired Total checkouts Full call number Barcode Date last seen Price effective from Koha item type
    Dewey Decimal Classification     القانون الجنائي جــــامعة القــاهرة مكتبة كلية الحقوق - المبنى الرئيسي 16.04.2026   Law2 10 343.442020565 1و ز . ق 1006318 950 C3 B10-06318 16.04.2026 16.04.2026 Books

© All rights reserved — Faculty of Law, Cairo University